| 000 | 00510 a2200229 4500 | ||
|---|---|---|---|
| 260 | _aParis | ||
| 100 | _aMARTINOT, Roger | ||
| 700 | _aSOUTY, Jean-Claude | ||
| 260 | _bEyrolles | ||
| 245 | _aLa stabulation libre des bovins | ||
| 300 | _a245 p. | ||
| 650 | _a<Etables><Bovidés> | ||
| 260 | _c1971 | ||
| 300 | _bill., plan. ; 25 cm | ||
| 130 | _lFr. | ||
| 035 | _a4418 | ||
| 035 | _a849 | ||
| 500 | _aBibliographie : pp. 239-245 | ||
| 999 |
_c11507 _d11507 |
||